000
00291nam a22001337a 4500
082
_a
823
_b
NAT/K
100
_a
NATH, PRATIBHA
100
_a
NATH, SURESH
245
_a
KIRATARJUNA
260
_a
DELHI
_b
S. CHAND & COMPANY
300
_a
90
650
_a
ENGLISH SHORT STORY
_z
DELHI
942
_c
BK
999
_c
3506
_d
3506